|
|
|
|
| LEADER |
00000nam0a2200000 4500 |
| 001 |
300635 |
| 005 |
20231102001324.0 |
| 035 |
|
|
|a (RuTPU)RU\TPU\book\325788
|
| 090 |
|
|
|a 300635
|
| 100 |
|
|
|a 20150714d1981 k y0rusy50 ca
|
| 101 |
0 |
|
|a rus
|
| 102 |
|
|
|a RU
|
| 105 |
|
|
|a a z 001zy
|
| 200 |
1 |
|
|a Вентильные преобразователи и машинно-вентильные системы
|f Всесоюзный научно-исследовательский институт электромеханики (ВНИИЭМ) ; под ред. А. Г. Иосифьяна
|
| 210 |
|
|
|a Москва
|c Изд-во ВНИИЭМ
|d 1981
|
| 215 |
|
|
|a 144 с.
|c ил.
|
| 225 |
1 |
|
|a Труды ВНИИЭМ
|v Т. 66
|
| 320 |
|
|
|a Библиография в конце статей
|
| 606 |
1 |
|
|a Преобразователи вентильные
|2 stltpush
|3 (RuTPU)RU\TPU\subj\51171
|9 69774
|
| 610 |
1 |
|
|a машинно-вентильные системы
|
| 610 |
1 |
|
|a инвенторы
|
| 610 |
1 |
|
|a источники питания
|
| 610 |
1 |
|
|a вентильные мосты
|
| 610 |
1 |
|
|a переходные процессы
|
| 610 |
1 |
|
|a вентильные двигатели
|
| 610 |
1 |
|
|a рабочие характеристики
|
| 610 |
1 |
|
|a преобразовательные трансформаторы
|
| 610 |
1 |
|
|a катушки индуктивности
|
| 610 |
1 |
|
|a обмотки
|
| 610 |
1 |
|
|a амплитудная модуляция
|
| 610 |
1 |
|
|a нелинейные искажения
|
| 675 |
|
|
|a 621.314.632
|v 4
|
| 702 |
|
1 |
|a Иосифьян
|b А. Г.
|4 340
|
| 712 |
0 |
2 |
|a Всесоюзный научно-исследовательский институт электромеханики (ВНИИЭМ)
|c (Москва)
|c (1959-1992)
|2 stltpush
|3 (RuTPU)RU\TPU\col\11816
|
| 801 |
|
1 |
|a RU
|b 63413507
|c 20150714
|
| 801 |
|
2 |
|a RU
|b 63413507
|c 20180618
|g RCR
|
| 942 |
|
|
|c BK
|